Worst Teams In NBA History - Statistics

General Stats
  • This quiz has been taken 32 times
  • The average score is 6 of 10
Answer Stats
Record and year Answer % Correct
9-73 (1973) Philadelphia 76ers
92%
10-72 (2016) Philadelphia 76ers
92%
7-59 (2012) Charlotte Bobcats
77%
12-70 (1987) Los Angeles Clippers
69%
12-70 (2010) New Jersey Nets
65%
13-69 (2005) Atlanta Hawks
58%
11-71 (1993) Dallas Mavericks
54%
13-69 (1994) Dallas Mavericks
54%
11-71 (1998) Denver Nuggets
35%
6-42 (1948) Providence Steamrollers
8%
No matching quizzes found
Score Distribution
Percent of People with Each Score
Percentile by Number Answered
Your Score History
You have not taken this quiz